000 00549nam a2200169 u 4500
001 000388995
003 AM-YeHGA
005 20250617132241.0
008 041129s1978 ||| r 000 0 arm d
040 _aAM-YeHGA
041 0 _aarm
245 1 0 _aԱյրւում է մոմը ... :
_bԻ խորոց սրտի խօսք վեհի մասին : (Յուշագրական ակնարկ) /
_cՓայլակ Փ. Անթաբեան.
260 _aԵրուսաղէմ :
_bԱ.հ.,
_c1978.
300 _a48 էջ
650 1 4 _aՀայոց եկեղեցի
090 _c149134
999 _c147747
_d147747